<?xml version="1.0" encoding="UTF-8"?>
<record
    xmlns:xsi="http://www.w3.org/2001/XMLSchema-instance"
    xsi:schemaLocation="http://www.loc.gov/MARC21/slim http://www.loc.gov/standards/marcxml/schema/MARC21slim.xsd"
    xmlns="http://www.loc.gov/MARC21/slim">

  <leader>02480nab a2200265uuc4500</leader>
  <controlfield tag="001">1271273</controlfield>
  <controlfield tag="003">OSt</controlfield>
  <controlfield tag="005">20240227132701.0</controlfield>
  <controlfield tag="008">120206e20110601                    spa  </controlfield>
  <datafield tag="035" ind1=" " ind2=" ">
    <subfield code="a">1271273</subfield>
  </datafield>
  <datafield tag="035" ind1=" " ind2=" ">
    <subfield code="a">(OCoLC)820627810</subfield>
  </datafield>
  <datafield tag="040" ind1=" " ind2=" ">
    <subfield code="c">comduadb</subfield>
  </datafield>
  <datafield tag="041" ind1=" " ind2=" ">
    <subfield code="a">spa</subfield>
  </datafield>
  <datafield tag="100" ind1="1" ind2="0">
    <subfield code="a">Bayona Rojas, Mart&#xED;n Alonso</subfield>
    <subfield code="4">aut</subfield>
    <subfield code="e">aut</subfield>
    <subfield code="9">406423</subfield>
  </datafield>
  <datafield tag="245" ind1="1" ind2="0">
    <subfield code="a">Caracterizaci&#xF3;n epidemiol&#xF3;gica de la criptosporidiosis en poblaci&#xF3;n infantil de la regi&#xF3;n sabana centro (Cundinamarca)</subfield>
  </datafield>
  <datafield tag="520" ind1="3" ind2=" ">
    <subfield code="a">"Criptosporidium parvum es un protozoario intracelular que infecta el epitelio gastrointestinal, ocasionando diarrea autolimitada, en pacientes inmunocompetentes y potencialmente grave en inmuno-comprometidos. El microorganismo, se transmite de persona a persona por contacto con animales infectados, por el agua de bebida, de las piscinas o por alimentos contaminados. El presente trabajo busc&#xF3; contribuir al conocimiento de la criptosporidiosis en una peque&#xF1;a poblaci&#xF3;n preescolar, mediante un estudio epidemiol&#xF3;gico, en la regi&#xF3;n Sabana Centro (Cundinamarca-Colombia). Se obtuvieron 260 muestras de heces de ni&#xF1;os menores de cinco a&#xF1;os, entre julio de 2009 y abril de 2010, provenientes 
 
 de centros hospitalarios y de jardines infantiles, de siete municipios evaluados. Se realiz&#xF3; an&#xE1;lisis microsc&#xF3;pico de las muestras, consistente en la tinci&#xF3;n de Ziehl Neelsen modificada y, posteriormente, se confirm&#xF3; por inmuno- cromatografia. Para analizar la fuerza de asociaci&#xF3;n entre las variables estudiadas, se llev&#xF3; a cabo la prueba de X2 y prueba de Fisher y se hall&#xF3; el p-valor. Para rechazar la hip&#xF3;tesis nula, se tom&#xF3; como valor de referencia un p&lt;0,05. Se encontr&#xF3; una prevalencia de Cryptosporidium spp., del 7%. En los ni&#xF1;os del presente estudio no se registr&#xF3; relaci&#xF3;n con ning&#xFA;n tipo de diarrea, ubicando la infecci&#xF3;n, por este par&#xE1;sito, como frecuente y asintom&#xE1;tica. Se determin&#xF3; que Cryptosporidium spp. puede afectar en cualquier momento a los ni&#xF1;os menores de cinco a&#xF1;os."</subfield>
  </datafield>
  <datafield tag="650" ind1=" " ind2="7">
    <subfield code="a">Criptosporidiosis</subfield>
    <subfield code="2">dcs</subfield>
    <subfield code="9">164608</subfield>
  </datafield>
  <datafield tag="650" ind1=" " ind2="7">
    <subfield code="a">Parasitosis intestinales</subfield>
    <subfield code="2">dcs</subfield>
    <subfield code="9">158563</subfield>
  </datafield>
  <datafield tag="650" ind1=" " ind2=" ">
    <subfield code="a">Poblaci&#xF3;n infantil</subfield>
    <subfield code="9">115194</subfield>
  </datafield>
  <datafield tag="650" ind1=" " ind2=" ">
    <subfield code="a">Heces</subfield>
    <subfield code="9">19918</subfield>
  </datafield>
  <datafield tag="700" ind1="1" ind2="0">
    <subfield code="a">Avenda&#xF1;o Valenzuela, Catalina</subfield>
    <subfield code="4">aut</subfield>
    <subfield code="e">aut</subfield>
    <subfield code="9">358431</subfield>
  </datafield>
  <datafield tag="700" ind1="1" ind2="0">
    <subfield code="a">Amaya M., Alvaro</subfield>
    <subfield code="4">aut</subfield>
    <subfield code="e">aut</subfield>
    <subfield code="9">637754</subfield>
  </datafield>
  <datafield tag="773" ind1="0" ind2=" ">
    <subfield code="t">Revista U.D.C.A. : Actualidad y Divulgaci&#xF3;n Cient&#xED;fica (Bogot&#xE1;)</subfield>
    <subfield code="g">Volumen 14, N&#xFA;mero 01, Junio 2011, 7-13</subfield>
    <subfield code="w">800922</subfield>
    <subfield code="x">0123-4226</subfield>
    <subfield code="0">275134</subfield>
  </datafield>
  <datafield tag="942" ind1=" " ind2=" ">
    <subfield code="c">ARIMP</subfield>
    <subfield code="2">ddc</subfield>
  </datafield>
  <datafield tag="999" ind1=" " ind2=" ">
    <subfield code="c">604814</subfield>
    <subfield code="d">604814</subfield>
  </datafield>
</record>
